000 00774nam a22002057a 4500
005 20100825141817.0
010 _aENG-101368
020 _a9788172238087
_c250.00
035 _aEN-84901
037 _bDBAD/PUB
082 _a615.85156
100 _aGautier,Namrita
_917184
245 _aThe art of healing Pranayama the breath of life /
_cby Namrita Gautier [and] Francois Gautier
260 _aNew Delhi
_bHarper collins Publishers
_c2010
270 _aA-53 Sector 57 Noida
_bNoida
_e201301
300 _ax,220p
_c21cm(pbk)
700 _aGautier, Francois
_916571
942 _2ddc
_cEN
_h615.85156
_mART
999 _c43069
_d43069